000
00233nam a2200097Ia 4500
005
20251222114414.0
008
251222s1900||||xx |||||||||||||| ||spa||
082
_a
DVD0180/M85/1976/BR
245
4
_a
The Omen 666:La ProfecĂa
942
_c
DVD
999
_c
2147
_d
2147